|
|
|
|
| LEADER |
00000nam a22000007a 4500 |
| 003 |
cru CIDCACS/IIS |
| 005 |
20190123113936.0 |
| 007 |
ta |
| 008 |
190123b cr |||p|r||||||0| ||spa|d |
| 999 |
|
|
|c 42103
|d 42103
|
| 022 |
|
|
|a 16592654
|
| 040 |
|
|
|c cru CIDCACS/IIS
|
| 090 |
|
|
|a REV1712
|
| 245 |
1 |
|
|a Revista Olimpia /
|c Instituto Nacional de las Mujeres. Área de Ciudadanía Activa, Liderazgo y Gestión Local. --
|
| 260 |
|
|
|a San José, Costa Rica:
|b INAMU
|
| 500 |
|
|
|a Existencias: dic. 2005 9(Julio 2009)-10(Noviembre 2009)-11(enero2011)-12(marzo 2011)-12(junio 2011)-13(octubre 2011)-14(noviembre 2011))
|
| 650 |
|
0 |
|9 88
|a MUJERES
|
| 650 |
|
4 |
|9 3207
|a PARTICIPACION POLITICA
|
| 650 |
|
0 |
|9 38
|a DERECHOS HUMANOS
|
| 942 |
|
|
|2 ddc
|c PP
|